00924nam a2200217 a 450000100100000000500170001000800410002704000250006808200200009310000340011324500580014726000270020530000200023250002000025265000420045265000310049491000370052504900090056295201180057199900170068900001717120240412074245.0100319s1942 dr 000 p spa d aDO-SdBNPbspacBNPHU aRD861.44bP861L1 aPotentini, Trajano Ig.93780210aLabor trujillista :bversos /cTrajano Ig. Potentini. aAzua :b[s.n.],c1942. a36 p. ;c21 cm. aHomenaje al Generalísimo Dr. Rafael Leonidas Trujillo Molina, Hon. Presidente de la República, benefactor de la Patria, restaurador de la independencia financiera y creador de la Patria Nueva 4aPoesía política dominicana925937 0aLiteratura dominicana.967 aValidado. Control de calidad MFF aBNPD 001050718RVaPDbPDcHDd2010-03-19iLF1l0oRD861.44 P861Lp17171-10r2020-06-25w2020-06-25y1ZNo se presta c16697d16697